| 000 | 00466nam a2200157 a 4500 | ||
|---|---|---|---|
| 001 | 000046020 | ||
| 005 | 20201002052603.0 | ||
| 008 | 150611s1979 dr 000 0 spa d | ||
| 040 |
_aDO-SdBNP _bspa _cBNPHU |
||
| 245 | 0 | 0 | _aAlgunas consideraciones sobre el estudio. |
| 260 |
_aSanto Domingo : _bSurco, _c1979. |
||
| 300 |
_a21 p. ; _c19 cm. |
||
| 490 | 1 |
_aApuntes _v3 |
|
| 590 | _aPerteneció a la biblioteca personal de Erick Landestoy | ||
| 830 | 0 |
_aApuntes _n3 _974096 |
|
| 999 |
_c45509 _d45509 |
||